Les antagonistes principaux des films One Piece - Statistiques

Statistiques générales
  • Ce quiz a été pris 43 fois
  • Le résultat moyen est 6 sur 14
Statistiques - réponses
Film Antagoniste principal % Correct
One Piece Film : Z Zephyr
94%
One Piece: Red Uta
88%
One Piece: Stampede Douglas Bullet
70%
One Piece épisode d'Alabasta : Les pirates et la princesse du désert Crocodile
67%
One Piece: Strong World Shiki
67%
One Piece, épisode de Chopper : Le Miracle des cerisiers en hiver Wapol
61%
One Piece: Gold Gild Tesoro
58%
One Piece : Le Baron Omatsuri et l'Île secrète Baron Omatsuri
21%
One Piece : L'Aventure sans issue Gasparde
12%
One Piece : L'Aventure de l'île de l'horloge Bear King
6%
One Piece : Le Mecha géant du château Karakuri Ratchet
6%
One Piece : La Malédiction de l'épée sacrée Saga
6%
One Piece : Le Royaume de Chopper, l'île des bêtes étranges Butler
3%
One Piece, le film Eldorago
3%
Aucun quiz correspondant
Distribution des résultats
% des personnes avec chaque résultat
Percentile par nombre de réponses
Votre historique - résultats
Vous n’avez pas pris ce quiz